| Art - Music/Opera | 7 | 17.14 | 100% | 71% | 0% |
| Art - Other | 4 | 12.50 | 75% | 50% | 0% |
| Art - Painting/Sculpture | 7 | 17.14 | 100% | 57% | 14% |
| Art - Visual | 4 | 10.00 | 50% | 50% | 0% |
| Current Events/Modern World - Mixed/Any | 1 | 20.00 | 100% | 100% | 0% |
| Current Events/Modern World - United States social | 1 | 10.00 | 100% | 0% | 0% |
| Geography - Non-U.S. Americas | 1 | 20.00 | 100% | 100% | 0% |
| Geography - Oceania/Pacific | 1 | 20.00 | 100% | 100% | 0% |
| Geography - United States | 1 | 10.00 | 100% | 0% | 0% |
| History - American | 8 | 17.50 | 100% | 63% | 13% |
| History - European | 5 | 14.00 | 60% | 60% | 20% |
| History - Other | 8 | 15.00 | 88% | 38% | 25% |
| History - World | 5 | 14.00 | 100% | 40% | 0% |
| Literature - American any | 2 | 20.00 | 100% | 100% | 0% |
| Literature - American long fiction | 2 | 15.00 | 100% | 50% | 0% |
| Literature - American poetry | 4 | 20.00 | 100% | 75% | 25% |
| Literature - British any | 1 | 10.00 | 100% | 0% | 0% |
| Literature - British drama | 1 | 20.00 | 100% | 100% | 0% |
| Literature - British long fiction | 2 | 15.00 | 100% | 50% | 0% |
| Literature - British poetry | 2 | 25.00 | 100% | 100% | 50% |
| Literature - European any | 1 | 20.00 | 100% | 100% | 0% |
| Literature - European drama | 2 | 25.00 | 100% | 100% | 50% |
| Literature - European long fiction | 3 | 26.67 | 100% | 100% | 67% |
| Literature - European poetry | 3 | 13.33 | 100% | 0% | 33% |
| Literature - European short fiction | 1 | 20.00 | 100% | 100% | 0% |
| Literature - World/Misc any | 1 | 20.00 | 100% | 100% | 0% |
| Literature - World/Misc drama | 1 | 30.00 | 100% | 100% | 100% |
| Literature - World/Misc long fiction | 3 | 16.67 | 100% | 67% | 0% |
| Literature - World/Misc poetry | 2 | 15.00 | 100% | 50% | 0% |
| Literature - World/Misc short fiction | 2 | 25.00 | 100% | 100% | 50% |
| Mythology - Americas | 1 | 10.00 | 100% | 0% | 0% |
| Mythology - Egyptian | 1 | 20.00 | 100% | 100% | 0% |
| Mythology - Greco/Roman | 5 | 20.00 | 100% | 80% | 20% |
| Mythology - Hindu | 1 | 20.00 | 100% | 100% | 0% |
| Mythology - Mixed/Any | 3 | 16.67 | 100% | 67% | 0% |
| Other Academic/Cross-Category - Any | 3 | 13.33 | 100% | 33% | 0% |
| Philosophy - 20th century | 1 | 20.00 | 100% | 100% | 0% |
| Philosophy - Ancient | 1 | 30.00 | 100% | 100% | 100% |
| Philosophy - Enlightenment | 1 | 10.00 | 100% | 0% | 0% |
| Philosophy - Medieval | 1 | 20.00 | 100% | 100% | 0% |
| Philosophy - Mixed/Any | 2 | 15.00 | 100% | 50% | 0% |
| Philosophy - Pre-20th | 3 | 13.33 | 100% | 33% | 0% |
| Religion - Buddhism | 1 | 10.00 | 100% | 0% | 0% |
| Religion - Christianity/Judaism | 2 | 10.00 | 100% | 0% | 0% |
| Religion - Islam | 1 | 20.00 | 100% | 100% | 0% |
| Religion - Mixed/Any | 2 | 5.00 | 50% | 0% | 0% |
| Science - Biology | 6 | 11.67 | 100% | 17% | 0% |
| Science - Chemistry | 10 | 18.00 | 100% | 50% | 30% |
| Science - Compsci | 1 | 20.00 | 100% | 100% | 0% |
| Science - Engineering | 1 | 20.00 | 100% | 100% | 0% |
| Science - Other | 5 | 18.00 | 100% | 40% | 40% |
| Science - Physics | 7 | 17.14 | 86% | 71% | 14% |
| Social Science - Economics | 2 | 10.00 | 100% | 0% | 0% |
| Social Science - Law | 1 | 10.00 | 100% | 0% | 0% |
| Social Science - Linguistics | 1 | 10.00 | 100% | 0% | 0% |
| Social Science - Psychology | 3 | 20.00 | 100% | 100% | 0% |